បច្ចេកទេសដាំម្រេចក្នុងលក្ខខ័ណ្ឌធាកាសធាតុប្រទេសកម្ពុជា (Record no. 84)

000 -LEADER
fixed length control field 00532nam a22001577a 4500
003 - CONTROL NUMBER IDENTIFIER
control field OSt
005 - DATE AND TIME OF LATEST TRANSACTION
control field 20150906105400.0
008 - FIXED-LENGTH DATA ELEMENTS--GENERAL INFORMATION
fixed length control field 150906b xxu||||| |||| 00| 0 eng d
040 ## - CATALOGING SOURCE
Transcribing agency RUA
082 ## - DEWEY DECIMAL CLASSIFICATION NUMBER
Classification number AGR សៀ 1991 B004 Or.1
100 ## - MAIN ENTRY--PERSONAL NAME
9 (RLIN) 88
Personal name សៀ ប៊ុនហុក
245 ## - TITLE STATEMENT
Title បច្ចេកទេសដាំម្រេចក្នុងលក្ខខ័ណ្ឌធាកាសធាតុប្រទេសកម្ពុជា
260 ## - PUBLICATION, DISTRIBUTION, ETC. (IMPRINT)
Place of publication, distribution, etc. Phnom Penh
Name of publisher, distributor, etc. RUA
Date of publication, distribution, etc. 1991
300 ## - PHYSICAL DESCRIPTION
Extent 78p.
Other physical details ill.
Dimensions 29cm.
942 ## - ADDED ENTRY ELEMENTS (KOHA)
Source of classification or shelving scheme
Koha item type AGR
Holdings
Price effective from Date last seen Permanent Location Not for loan Date acquired Source of classification or shelving scheme Koha item type Lost status Withdrawn status Total Renewals Date last checked out Total Checkouts Shelving location Damaged status Barcode Current Location Full call number
2015-09-062016-06-06Library Block B 2015-09-06 AGR   2016-05-171B004 RUA005567Library Block BAGR សៀ 1991 B004 Or.1
2016-01-262019-06-12Library Block B 2016-01-26 AGR  12019-05-103  RUA007610Library Block BAGR សៀ 1991 B004 Or.2
2016-01-262016-01-26Library Block B 2016-01-26 AGR       RUA007402Library Block BAGR សៀ 1991 B004 Or.3
2016-11-112016-11-11Library Block B 2016-11-11 AGR       RUA045084Library Block BAGR សៀ 1991 B004 Or.4
មជ្ឈមណ្ឌលឯការនៃសាកលវិទ្យាល័យភូមិន្ទកសិកម្មចំការដូង

Powered by Koha